[Event "Blitz Open"]
[Site "?"]
[Date "2018.08.03"]
[Round "2.14"]
[White "Islam, Kh. Aminul"]
[Black "Yakubboev, Nodirbek"]
[Result "0-1"]
[BlackElo "2353"]
[WhiteElo "2352"]
[LiveChessVersion "1.4.8"]

1. d4 {[%clk 0:03:03]} Nf6 {[%clk 0:03:01]} 2. Bf4 {[%clk 0:03:00]} b6
{[%clk 0:02:59]} 3. e3 {[%clk 0:03:00]} Bb7 {[%clk 0:03:00]} 4. Nf3
{[%clk 0:02:59]} g6 {[%clk 0:03:01]} 5. Bd3 {[%clk 0:02:53]} Bg7 {[%clk 0:03:01]}
6. h3 {[%clk 0:02:54]} O-O {[%clk 0:03:00]} 7. Nbd2 {[%clk 0:02:54]} d6
{[%clk 0:02:55]} 8. Bh2 {[%clk 0:02:54]} Nfd7 {[%clk 0:02:52]} 9. c3
{[%clk 0:02:52]} e5 {[%clk 0:02:52]} 10. a4 {[%clk 0:02:44]} Qe7 {[%clk 0:02:48]}
11. dxe5 {[%clk 0:02:41]} dxe5 {[%clk 0:02:48]} 12. Be4 {[%clk 0:02:39]} Nc6
{[%clk 0:02:36]} 13. b4 {[%clk 0:02:36]} Rad8 {[%clk 0:02:18]} 14. Qb3
{[%clk 0:02:31]} Kh8 {[%clk 0:02:13]} 15. O-O {[%clk 0:02:23]} f5
{[%clk 0:02:08]} 16. Bc2 {[%clk 0:02:14]} e4 {[%clk 0:01:31]} 17. Nd4
{[%clk 0:02:16]} Nxd4 {[%clk 0:01:27]} 18. cxd4 {[%clk 0:02:15]} Nf6
{[%clk 0:01:26]} 19. b5 {[%clk 0:02:03]} c6 {[%clk 0:01:04]} 20. bxc6
{[%clk 0:01:57]} Bxc6 {[%clk 0:01:06]} 21. Qb2 {[%clk 0:01:44]} Nd5
{[%clk 0:01:02]} 22. Rfe1 {[%clk 0:01:45]} Nb4 {[%clk 0:00:55]} 23. Nc4
{[%clk 0:01:43]} Bd5 {[%clk 0:00:51]} 24. Ne5 {[%clk 0:01:40]} a5
{[%clk 0:00:42]} 25. Bb3 {[%clk 0:01:41]} Bxe5 {[%clk 0:00:30]} 26. Bxe5+
{[%clk 0:01:42]} Kg8 {[%clk 0:00:31]} 27. Bxd5+ {[%clk 0:01:40]} Rxd5
{[%clk 0:00:30]} 28. Rec1 {[%clk 0:01:41]} Rd7 {[%clk 0:00:27]} 29. Qb3+
{[%clk 0:01:41]} Qf7 {[%clk 0:00:28]} 30. Rc4 {[%clk 0:01:32]} Rfd8
{[%clk 0:00:21]} 31. Rac1 {[%clk 0:01:33]} Nd3 {[%clk 0:00:20]} 32. R1c3
{[%clk 0:01:25]} Nxe5 {[%clk 0:00:17]} 33. dxe5 {[%clk 0:01:27]} Re7
{[%clk 0:00:15]} 34. Qxb6 {[%clk 0:01:24]} Rd1+ {[%clk 0:00:16]} 35. Kh2
{[%clk 0:01:25]} Rxe5 {[%clk 0:00:15]} 36. Rc7 {[%clk 0:01:20]} Re7
{[%clk 0:00:14]} 37. Rxe7 {[%clk 0:01:20]} Qxe7 {[%clk 0:00:15]} 38. Qb3+
{[%clk 0:01:20]} Kg7 {[%clk 0:00:15]} 39. Qxd1 {[%clk 0:01:22]} Qe5+
{[%clk 0:00:16]} 40. g3 {[%clk 0:01:22]} Qxc3 {[%clk 0:01:17]} 41. Qd7+
{[%clk 0:01:21]} Kh6 {[%clk 0:01:15]} 42. Qd8 {[%clk 0:01:22]} Qb4
{[%clk 0:01:11]} 43. h4 {[%clk 0:01:00]} Kg7 {[%clk 0:01:07]} 44. Qd7+
{[%clk 0:00:58]} Kg8 {[%clk 0:01:07]} 45. Qd8+ {[%clk 0:00:56]} Kf7
{[%clk 0:01:05]} 46. Qd7+ {[%clk 0:00:55]} Kg8 {[%clk 0:01:04]} 47. Qd8+
{[%clk 0:00:54]} Kg7 {[%clk 0:01:05]} 48. Qd7+ {[%clk 0:00:54]} Kh6
{[%clk 0:01:05]} 49. Kg2 {[%clk 0:00:44]} Qc5 {[%clk 0:01:00]} 50. Qd8
{[%clk 0:00:38]} Kg7 {[%clk 0:00:56]} 51. Qd7+ {[%clk 0:00:36]} Kh6
{[%clk 0:00:56]} 52. Qd8 {[%clk 0:00:35]} Qb4 {[%clk 0:00:30]} 53. Qd7
{[%clk 0:00:35]} Qc3 {[%clk 0:00:24]} 54. Qe7 {[%clk 0:00:32]} Qb4
{[%clk 0:00:20]} 55. Qxb4 {[%clk 0:00:25]} 0-1

[Event "Blitz Open"]
[Site "?"]
[Date "2018.08.03"]
[Round "2.15"]
[White "Sindarov, Javokhir"]
[Black "Mohammad, Minhaz Uddin"]
[Result "0-1"]
[BlackElo "2380"]
[WhiteElo "2392"]
[LiveChessVersion "1.4.8"]

1. e4 {[%clk 0:03:03]} e5 {[%clk 0:03:04]} 2. Nf3 {[%clk 0:03:03]} Nf6
{[%clk 0:03:05]} 3. d3 {[%clk 0:02:53]} Nc6 {[%clk 0:03:05]} 4. Be2
{[%clk 0:02:51]} d5 {[%clk 0:03:06]} 5. Nbd2 {[%clk 0:02:52]} Be7
{[%clk 0:03:00]} 6. O-O {[%clk 0:02:51]} O-O {[%clk 0:03:00]} 7. c3
{[%clk 0:02:48]} h6 {[%clk 0:03:01]} 8. b4 {[%clk 0:02:45]} a6 {[%clk 0:03:01]}
9. Bb2 {[%clk 0:02:39]} Bg4 {[%clk 0:02:52]} 10. Re1 Bxf3 11. Nxf3
{[%clk 0:01:39]} dxe4 {[%clk 0:02:39]} 12. dxe4 Qxd1 {[%clk 0:02:11]} 13. Bxd1
{[%clk 0:01:41]} Rfd8 {[%clk 0:02:03]} 14. Bb3 {[%clk 0:01:35]} Bd6
{[%clk 0:01:34]} 15. Rad1 {[%clk 0:01:22]} a5 {[%clk 0:01:33]} 16. g3
{[%clk 0:01:16]} Ne7 {[%clk 0:01:22]} 17. Nd2 {[%clk 0:01:09]} b5
{[%clk 0:01:14]} 18. Nf3 {[%clk 0:00:55]} Ng6 {[%clk 0:01:14]} 19. Kg2
{[%clk 0:00:46]} c6 {[%clk 0:01:14]} 20. Bc1 {[%clk 0:00:30]} Be7
{[%clk 0:00:59]} 21. Rxd8+ {[%clk 0:00:21]} Rxd8 {[%clk 0:00:55]} 22. Nd2
{[%clk 0:00:21]} Rd3 {[%clk 0:00:52]} 23. Nb1 {[%clk 0:00:22]} c5
{[%clk 0:00:37]} 24. Bc2 {[%clk 0:00:17]} Rd8 {[%clk 0:00:37]} 25. bxc5
{[%clk 0:00:18]} Bxc5 {[%clk 0:00:38]} 26. Na3 {[%clk 0:00:17]} b4
{[%clk 0:00:34]} 27. cxb4 {[%clk 0:00:15]} Bxb4 {[%clk 0:00:32]} 28. Re2
{[%clk 0:00:14]} Rc8 {[%clk 0:00:28]} 29. Bb2 {[%clk 0:00:11]} Nh5
{[%clk 0:00:15]} 30. Kf1 {[%clk 0:00:07]} Bxa3 {[%clk 0:00:11]} 31. Bxa3
{[%clk 0:00:07]} Rc3 {[%clk 0:00:12]} 32. Bd3 {[%clk 0:00:03]} Rxd3
{[%clk 0:00:13]} 33. Bb4 {[%clk 0:00:04]} Rd8 {[%clk 0:00:13]} 34. f3
{[%clk 0:00:05]} Nf6 {[%clk 0:00:14]} 35. Kf2 {[%clk 0:00:06]} Nf8
{[%clk 0:00:14]} 36. Be7 {[%clk 0:00:07]} Rd7 {[%clk 0:00:15]} 37. Bb4
{[%clk 0:00:08]} Rd8 {[%clk 0:00:16]} 0-1

[Event "Blitz Open"]
[Site "?"]
[Date "2018.08.03"]
[Round "2.16"]
[White "Mohammad Fahad, Rahman"]
[Black "Iuldachev, Saidali"]
[Result "1-0"]
[BlackElo "2509"]
[WhiteElo "2210"]
[LiveChessVersion "1.4.8"]

1. e4 {[%clk 0:03:02]} e5 {[%clk 0:03:04]} 2. Nf3 {[%clk 0:03:04]} Nc6
{[%clk 0:03:05]} 3. Bb5 {[%clk 0:03:04]} Nf6 {[%clk 0:03:06]} 4. Qe2
{[%clk 0:03:05]} d6 {[%clk 0:03:07]} 5. c3 {[%clk 0:03:05]} Bd7 {[%clk 0:03:07]}
6. O-O {[%clk 0:03:05]} Be7 {[%clk 0:03:08]} 7. d4 {[%clk 0:03:06]} O-O
{[%clk 0:03:07]} 8. Rd1 {[%clk 0:02:56]} exd4 9. cxd4 {[%clk 0:02:58]} Re8
{[%clk 0:03:01]} 10. Nc3 {[%clk 0:02:53]} Bf8 {[%clk 0:03:00]} 11. a3
{[%clk 0:02:51]} h6 {[%clk 0:02:59]} 12. Qc2 {[%clk 0:02:50]} a6 {[%clk 0:02:52]}
13. Bd3 {[%clk 0:02:51]} Bg4 {[%clk 0:02:47]} 14. Be2 {[%clk 0:02:47]} Qe7
{[%clk 0:02:38]} 15. d5 {[%clk 0:02:31]} Ne5 {[%clk 0:02:20]} 16. Nxe5 Qxe5
{[%clk 0:02:22]} 17. f4 {[%clk 0:02:07]} Qh5 {[%clk 0:02:15]} 18. Bxg4
{[%clk 0:02:09]} Nxg4 {[%clk 0:02:16]} 19. h3 {[%clk 0:02:10]} Nf6
{[%clk 0:02:17]} 20. Be3 {[%clk 0:02:08]} Qg6 {[%clk 0:01:28]} 21. f5
{[%clk 0:01:57]} Qh5 {[%clk 0:01:29]} 22. Bd4 {[%clk 0:01:55]} Nd7
{[%clk 0:01:27]} 23. Ne2 {[%clk 0:01:55]} Rac8 {[%clk 0:01:22]} 24. Qd3
{[%clk 0:01:30]} Be7 {[%clk 0:01:16]} 25. Ng3 {[%clk 0:01:01]} Qg5
{[%clk 0:01:15]} 26. Qe3 {[%clk 0:01:01]} Qxe3+ {[%clk 0:01:15]} 27. Bxe3
{[%clk 0:01:02]} Bf6 {[%clk 0:01:16]} 28. Bd4 {[%clk 0:00:54]} Bxd4+
{[%clk 0:01:13]} 29. Rxd4 {[%clk 0:00:56]} Nf6 {[%clk 0:01:13]} 30. Rc1
{[%clk 0:00:57]} Re7 {[%clk 0:01:13]} 31. Rdc4 {[%clk 0:00:57]} Kf8
{[%clk 0:01:13]} 32. Kf2 {[%clk 0:00:59]} Ke8 33. Kf3 Kd7 {[%clk 0:01:12]} 34. a4
{[%clk 0:01:02]} c5 {[%clk 0:01:11]} 35. dxc6+ {[%clk 0:01:00]} Rxc6
{[%clk 0:01:06]} 36. a5 {[%clk 0:00:47]} Re5 {[%clk 0:01:06]} 37. b4
{[%clk 0:00:46]} Rb5 {[%clk 0:01:06]} 38. Rxc6 {[%clk 0:00:39]} bxc6
{[%clk 0:01:06]} 39. Rc4 d5 40. Rd4 {[%clk 0:00:39]} Kd6 {[%clk 0:01:01]} 41. Kf4
{[%clk 0:00:41]} Nd7 {[%clk 0:01:01]} 42. exd5 {[%clk 0:00:39]} cxd5
{[%clk 0:01:01]} 43. Ne4+ {[%clk 0:00:40]} Kc6 {[%clk 0:01:01]} 44. Nc3
{[%clk 0:00:42]} Rb7 {[%clk 0:00:50]} 45. Nxd5 Nf6 {[%clk 0:00:48]} 46. Nxf6
{[%clk 0:00:31]} gxf6 {[%clk 0:00:49]} 47. Kg4 {[%clk 0:00:32]} Re7
{[%clk 0:00:48]} 48. Kh5 {[%clk 0:00:32]} Re5 {[%clk 0:00:38]} 49. Rf4
{[%clk 0:00:23]} Re3 {[%clk 0:00:35]} 50. Kxh6 {[%clk 0:00:23]} Rg3
{[%clk 0:00:37]} 51. Rg4 {[%clk 0:00:24]} Rb3 {[%clk 0:00:36]} 52. Kg7
{[%clk 0:00:25]} Kb5 {[%clk 0:00:34]} 53. h4 {[%clk 0:00:21]} Rb1
{[%clk 0:00:28]} 54. h5 {[%clk 0:00:22]} Rh1 {[%clk 0:00:29]} 55. h6
{[%clk 0:00:24]} 1-0

[Event "Blitz Open"]
[Site "?"]
[Date "2018.08.03"]
[Round "3.1"]
[White "Adhiban, B."]
[Black "Maghsoodloo, Parham"]
[Result "0-1"]
[BlackElo "2650"]
[WhiteElo "2627"]
[LiveChessVersion "1.4.8"]

1. e4 {[%clk 0:03:02]} c5 {[%clk 0:03:03]} 2. Nc3 {[%clk 0:03:03]} Nc6
{[%clk 0:02:56]} 3. f4 {[%clk 0:03:04]} a6 {[%clk 0:02:47]} 4. Nf3
{[%clk 0:03:04]} e6 {[%clk 0:02:44]} 5. g3 {[%clk 0:03:01]} b5 {[%clk 0:02:39]}
6. Bg2 {[%clk 0:03:02]} b4 {[%clk 0:02:39]} 7. Ne2 {[%clk 0:03:01]} Nf6
{[%clk 0:02:39]} 8. d3 {[%clk 0:02:59]} d5 {[%clk 0:02:38]} 9. O-O
{[%clk 0:02:57]} Bb7 {[%clk 0:02:32]} 10. e5 {[%clk 0:02:56]} Nd7
{[%clk 0:02:33]} 11. f5 {[%clk 0:02:45]} exf5 {[%clk 0:02:29]} 12. e6
{[%clk 0:02:45]} fxe6 {[%clk 0:02:22]} 13. Nf4 {[%clk 0:02:46]} e5
{[%clk 0:02:24]} 14. Ne6 {[%clk 0:02:41]} Qb6 {[%clk 0:02:23]} 15. Nh4
{[%clk 0:02:26]} Ne7 {[%clk 0:02:21]} 16. Nxf8 {[%clk 0:02:10]} Rxf8
{[%clk 0:02:22]} 17. Qh5+ {[%clk 0:02:11]} g6 {[%clk 0:02:23]} 18. Qxh7
{[%clk 0:02:11]} Qf6 {[%clk 0:02:24]} 19. Qh6 {[%clk 0:01:41]} f4
{[%clk 0:02:06]} 20. gxf4 {[%clk 0:00:37]} Rh8 {[%clk 0:02:07]} 21. fxe5
{[%clk 0:00:38]} Qxh4 {[%clk 0:02:08]} 22. Qxh4 {[%clk 0:00:31]} Rxh4
{[%clk 0:02:08]} 23. Bg5 {[%clk 0:00:27]} Rh5 {[%clk 0:02:09]} 24. h4
{[%clk 0:00:28]} Nf5 {[%clk 0:02:03]} 25. Rae1 {[%clk 0:00:26]} Nf8
{[%clk 0:01:39]} 26. Bf3 {[%clk 0:00:25]} Rh7 {[%clk 0:01:33]} 27. Bg4
{[%clk 0:00:20]} Bc8 {[%clk 0:01:23]} 28. h5 {[%clk 0:00:19]} gxh5
{[%clk 0:01:19]} 29. Bxf5 {[%clk 0:00:09]} Rg7 {[%clk 0:01:20]} 30. Kh2
{[%clk 0:00:07]} Rxg5 {[%clk 0:01:20]} 31. e6 {[%clk 0:00:07]} Ra7
{[%clk 0:01:17]} 32. e7 {[%clk 0:00:07]} Bxf5 {[%clk 0:01:17]} 33. exf8=Q+
{[%clk 0:00:08]} Kxf8 {[%clk 0:01:18]} 34. Re5 {[%clk 0:00:09]} Rf7
{[%clk 0:01:19]} 35. Rxd5 {[%clk 0:00:10]} h4 {[%clk 0:01:14]} 36. Rxc5
{[%clk 0:00:11]} h3 {[%clk 0:01:15]} 37. Rf2 {[%clk 0:00:13]} Kg7
{[%clk 0:01:09]} 38. d4 {[%clk 0:00:14]} Kg6 {[%clk 0:01:08]} 39. Rc6+
{[%clk 0:00:15]} Rf6 {[%clk 0:01:09]} 40. Rc4 {[%clk 0:00:10]} Be6
{[%clk 0:01:08]} 41. Rxf6+ Kxf6 {[%clk 0:01:09]} 42. Rc6 {[%clk 0:00:10]} Rg2+
{[%clk 0:01:08]} 43. Kh1 {[%clk 0:00:12]} Ke7 {[%clk 0:01:09]} 44. Rc5
{[%clk 0:00:13]} Rd2 {[%clk 0:01:09]} 45. c3 {[%clk 0:00:14]} Kd6
{[%clk 0:01:05]} 46. Rh5 {[%clk 0:00:12]} Rxb2 {[%clk 0:01:03]} 47. cxb4
{[%clk 0:00:11]} Rxa2 {[%clk 0:01:02]} 48. Kg1 {[%clk 0:00:06]} Rg2+
{[%clk 0:01:02]} 49. Kh1 {[%clk 0:00:07]} Rd2 {[%clk 0:01:02]} 50. Kg1
{[%clk 0:00:08]} Rxd4 {[%clk 0:01:03]} 51. Kh2 {[%clk 0:00:09]} Rxb4
{[%clk 0:01:03]} 0-1

[Event "Blitz Open"]
[Site "?"]
[Date "2018.08.03"]
[Round "3.2"]
[White "Firouzja, Alireza"]
[Black "Sasikiran, Krishnan"]
[Result "1/2-1/2"]
[BlackElo "2608"]
[WhiteElo "2629"]
[LiveChessVersion "1.4.8"]

1. e4 {[%clk 0:03:03]} e5 {[%clk 0:03:03]} 2. Nf3 {[%clk 0:03:04]} Nc6
{[%clk 0:03:04]} 3. Bb5 {[%clk 0:03:04]} a6 {[%clk 0:03:05]} 4. Ba4
{[%clk 0:03:05]} Nf6 {[%clk 0:03:07]} 5. O-O {[%clk 0:03:05]} Be7
{[%clk 0:03:08]} 6. Re1 {[%clk 0:03:06]} b5 {[%clk 0:03:09]} 7. Bb3
{[%clk 0:03:08]} O-O {[%clk 0:03:09]} 8. a4 {[%clk 0:03:08]} b4 {[%clk 0:03:10]}
9. d4 {[%clk 0:03:07]} d6 {[%clk 0:03:10]} 10. dxe5 {[%clk 0:03:07]} dxe5
{[%clk 0:03:11]} 11. Qxd8 {[%clk 0:02:59]} Rxd8 {[%clk 0:02:58]} 12. Nbd2
{[%clk 0:02:55]} h6 {[%clk 0:02:51]} 13. a5 {[%clk 0:02:46]} Bd6 {[%clk 0:02:49]}
14. h3 {[%clk 0:02:44]} Ne7 {[%clk 0:02:37]} 15. Nc4 {[%clk 0:02:36]} Ng6
{[%clk 0:02:37]} 16. Nxd6 {[%clk 0:01:36]} cxd6 {[%clk 0:02:36]} 17. Be3
{[%clk 0:01:35]} Be6 {[%clk 0:02:24]} 18. Ba4 {[%clk 0:01:34]} Bd7
{[%clk 0:02:10]} 19. Bb3 {[%clk 0:01:21]} Be6 {[%clk 0:02:05]} 20. Ba4
{[%clk 0:01:13]} Bd7 {[%clk 0:01:55]} 21. Bb3 {[%clk 0:00:54]} Bc6
{[%clk 0:01:28]} 22. Nd2 {[%clk 0:00:38]} d5 {[%clk 0:01:27]} 23. Bb6
{[%clk 0:00:31]} Rd7 {[%clk 0:01:19]} 24. exd5 {[%clk 0:00:17]} Nxd5
{[%clk 0:01:19]} 25. Nc4 {[%clk 0:00:19]} Re8 {[%clk 0:01:06]} 26. Bc5
{[%clk 0:00:19]} Ndf4 {[%clk 0:01:02]} 27. f3 {[%clk 0:00:20]} Bb5
{[%clk 0:00:55]} 28. Nd6 {[%clk 0:00:19]} Rb8 {[%clk 0:00:46]} 29. Rad1
{[%clk 0:00:15]} Bc6 {[%clk 0:00:33]} 30. Nc4 {[%clk 0:00:16]} Rbd8
{[%clk 0:00:30]} 31. Rxd7 {[%clk 0:00:15]} Rxd7 {[%clk 0:00:31]} 32. Bxb4
{[%clk 0:00:15]} Rb7 {[%clk 0:00:16]} 33. Bc3 {[%clk 0:00:16]} Bd5
{[%clk 0:00:17]} 34. Nxe5 {[%clk 0:00:16]} Bxb3 {[%clk 0:00:17]} 35. cxb3
{[%clk 0:00:15]} Rxb3 {[%clk 0:00:12]} 36. Nxg6 Nxg6 {[%clk 0:00:13]} 37. Re8+
{[%clk 0:00:16]} Kh7 {[%clk 0:00:15]} 38. Ra8 {[%clk 0:00:17]} Nf4
{[%clk 0:00:15]} 39. Rxa6 {[%clk 0:00:08]} Ne2+ {[%clk 0:00:15]} 40. Kf2
{[%clk 0:00:08]} Nxc3 {[%clk 0:00:16]} 41. bxc3 {[%clk 0:00:10]} Rxc3
{[%clk 0:00:17]} 42. Rb6 {[%clk 0:00:09]} Ra3 {[%clk 0:00:18]} 43. a6
{[%clk 0:00:10]} g5 {[%clk 0:00:13]} 44. Kg3 {[%clk 0:00:08]} Ra2
{[%clk 0:00:12]} 45. h4 {[%clk 0:00:08]} gxh4+ {[%clk 0:00:11]} 46. Kh3
{[%clk 0:00:07]} Kg7 {[%clk 0:00:11]} 47. f4 {[%clk 0:00:08]} f5 {[%clk 0:00:08]}
48. Kh2 {[%clk 0:00:04]} Ra3 {[%clk 0:00:08]} 49. Kg1 {[%clk 0:00:04]} Ra2
{[%clk 0:00:09]} 50. Kh2 {[%clk 0:00:05]} Ra3 {[%clk 0:00:10]} 51. Kg1
{[%clk 0:00:06]} Ra2 {[%clk 0:00:11]} 1/2-1/2

[Event "Blitz Open"]
[Site "?"]
[Date "2018.08.03"]
[Round "3.3"]
[White "Gupta, Abhijeet"]
[Black "Tabatabaei, M.Amin"]
[Result "1-0"]
[BlackElo "2587"]
[WhiteElo "2560"]
[LiveChessVersion "1.4.8"]

1. d4 {[%clk 0:03:03]} Nf6 {[%clk 0:03:02]} 2. c4 {[%clk 0:03:05]} c5
{[%clk 0:03:03]} 3. d5 {[%clk 0:03:06]} b5 {[%clk 0:03:04]} 4. cxb5
{[%clk 0:03:07]} a6 {[%clk 0:03:06]} 5. e3 {[%clk 0:03:07]} e6 {[%clk 0:02:58]}
6. Nc3 {[%clk 0:03:07]} exd5 {[%clk 0:02:45]} 7. Nxd5 {[%clk 0:02:56]} Bb7
{[%clk 0:02:45]} 8. Nxf6+ Qxf6 {[%clk 0:02:46]} 9. Nf3 {[%clk 0:02:37]} g5
{[%clk 0:02:31]} 10. bxa6 {[%clk 0:02:19]} Nxa6 {[%clk 0:02:25]} 11. Bb5
{[%clk 0:02:19]} Rd8 {[%clk 0:02:22]} 12. e4 {[%clk 0:02:17]} g4 {[%clk 0:01:49]}
13. Bg5 {[%clk 0:01:13]} Qxb2 {[%clk 0:01:50]} 14. Rb1 {[%clk 0:01:07]} Qc3+
{[%clk 0:01:51]} 15. Bd2 {[%clk 0:01:07]} Qf6 {[%clk 0:01:48]} 16. Bg5
{[%clk 0:01:04]} Qc3+ {[%clk 0:01:50]} 17. Nd2 {[%clk 0:01:05]} f6
{[%clk 0:01:24]} 18. Bf4 {[%clk 0:00:50]} h5 {[%clk 0:01:02]} 19. O-O
{[%clk 0:00:42]} Be7 {[%clk 0:01:00]} 20. Rb3 {[%clk 0:00:41]} Qd4
{[%clk 0:00:57]} 21. Rd3 {[%clk 0:00:25]} Qb4 {[%clk 0:00:59]} 22. a4
{[%clk 0:00:24]} O-O 23. Nc4 {[%clk 0:00:24]} Bxe4 {[%clk 0:00:19]} 24. Rb3
{[%clk 0:00:24]} Qxb3 {[%clk 0:00:17]} 25. Qxb3 {[%clk 0:00:25]} Nb4
{[%clk 0:00:19]} 26. Re1 {[%clk 0:00:19]} d5 {[%clk 0:00:17]} 27. Ne3
{[%clk 0:00:16]} f5 {[%clk 0:00:14]} 28. f3 {[%clk 0:00:17]} gxf3
{[%clk 0:00:14]} 29. gxf3 {[%clk 0:00:18]} Bxf3 {[%clk 0:00:09]} 30. Nxf5
{[%clk 0:00:18]} Rxf5 {[%clk 0:00:10]} 31. Qxf3 {[%clk 0:00:18]} Rdf8
{[%clk 0:00:07]} 32. Qg2+ {[%clk 0:00:18]} Kf7 {[%clk 0:00:06]} 33. Bh6
{[%clk 0:00:17]} Rg8 {[%clk 0:00:07]} 34. Rxe7+ {[%clk 0:00:18]} 1-0

[Event "Blitz Open"]
[Site "?"]
[Date "2018.08.03"]
[Round "3.4"]
[White "Idani, Pouya"]
[Black "Ganguly, Surya Shekhar"]
[Result "1-0"]
[BlackElo "2565"]
[WhiteElo "2559"]
[LiveChessVersion "1.4.8"]

1. e4 {[%clk 0:03:03]} e5 {[%clk 0:03:02]} 2. Nf3 {[%clk 0:03:05]} Nc6
{[%clk 0:03:03]} 3. Bb5 {[%clk 0:03:06]} a6 4. Ba4 Nf6 {[%clk 0:03:04]} 5. O-O
{[%clk 0:03:08]} b5 {[%clk 0:03:05]} 6. Bb3 {[%clk 0:03:10]} Bc5 {[%clk 0:03:06]}
7. a4 {[%clk 0:03:10]} Rb8 {[%clk 0:03:07]} 8. c3 {[%clk 0:03:11]} d6
{[%clk 0:03:08]} 9. d4 {[%clk 0:03:12]} Bb6 {[%clk 0:03:10]} 10. a5
{[%clk 0:03:14]} Ba7 {[%clk 0:03:11]} 11. h3 {[%clk 0:03:15]} O-O
{[%clk 0:03:09]} 12. Be3 {[%clk 0:03:16]} Ra8 {[%clk 0:02:58]} 13. Re1
{[%clk 0:03:16]} h6 {[%clk 0:02:57]} 14. Nbd2 {[%clk 0:03:18]} Re8
{[%clk 0:02:58]} 15. Bc2 {[%clk 0:03:17]} exd4 {[%clk 0:02:46]} 16. cxd4
{[%clk 0:03:18]} Nb4 17. Bb1 c5 {[%clk 0:02:48]} 18. d5 {[%clk 0:03:22]} c4
{[%clk 0:02:37]} 19. Bxa7 Rxa7 {[%clk 0:02:38]} 20. Re3 {[%clk 0:02:41]} Rae7
{[%clk 0:02:32]} 21. Raa3 {[%clk 0:02:41]} Bd7 {[%clk 0:02:19]} 22. Qe1
{[%clk 0:02:23]} Qc7 {[%clk 0:01:55]} 23. Nxc4 {[%clk 0:01:47]} Nbxd5
{[%clk 0:01:47]} 24. exd5 {[%clk 0:01:48]} Nxd5 {[%clk 0:01:43]} 25. Rxe7
{[%clk 0:01:50]} Rxe7 {[%clk 0:01:44]} 26. Ne3 {[%clk 0:01:51]} b4
{[%clk 0:01:42]} 27. Rd3 {[%clk 0:01:47]} Nf4 {[%clk 0:01:42]} 28. Rd4
{[%clk 0:01:43]} d5 {[%clk 0:01:40]} 29. Qxb4 {[%clk 0:01:30]} Ne2+
{[%clk 0:01:40]} 30. Kh1 {[%clk 0:01:08]} Bxh3 {[%clk 0:01:17]} 31. gxh3
{[%clk 0:00:36]} Rxe3 {[%clk 0:00:51]} 32. fxe3 {[%clk 0:00:28]} Qg3
{[%clk 0:00:52]} 33. Rg4 {[%clk 0:00:19]} Qxh3+ {[%clk 0:00:06]} 34. Nh2
{[%clk 0:00:20]} Ng3+ 35. Rxg3 {[%clk 0:00:21]} Qxg3 {[%clk 0:00:08]} 36. Qd2
{[%clk 0:00:18]} Qe5 {[%clk 0:00:08]} 37. Ba2 {[%clk 0:00:16]} Qe4+
{[%clk 0:00:07]} 38. Kg1 {[%clk 0:00:18]} Qg6+ {[%clk 0:00:08]} 39. Kf2
{[%clk 0:00:18]} Qf5+ {[%clk 0:00:09]} 40. Nf3 {[%clk 0:00:20]} g6
{[%clk 0:00:09]} 41. Bxd5 {[%clk 0:00:20]} g5 {[%clk 0:00:09]} 42. e4
{[%clk 0:00:21]} Qf6 {[%clk 0:00:10]} 43. e5 {[%clk 0:00:22]} Qf5
{[%clk 0:00:11]} 44. Kg1 {[%clk 0:00:13]} Qg4+ {[%clk 0:00:12]} 45. Kf1
{[%clk 0:00:13]} Qh3+ {[%clk 0:00:13]} 46. Qg2 {[%clk 0:00:13]} Qf5
{[%clk 0:00:14]} 47. Kg1 {[%clk 0:00:12]} Qf4 {[%clk 0:00:15]} 48. e6
{[%clk 0:00:12]} Qc1+ {[%clk 0:00:15]} 49. Kh2 {[%clk 0:00:11]} Qc7+
{[%clk 0:00:12]} 50. Qg3 {[%clk 0:00:11]} Qc2+ {[%clk 0:00:14]} 51. Qg2
{[%clk 0:00:11]} Qc7+ {[%clk 0:00:15]} 52. Kh1 {[%clk 0:00:12]} fxe6
{[%clk 0:00:12]} 53. Bxe6+ {[%clk 0:00:14]} Kg7 {[%clk 0:00:14]} 54. Qd2
{[%clk 0:00:12]} Kf6 {[%clk 0:00:08]} 55. Bd5 {[%clk 0:00:11]} Qg3
{[%clk 0:00:07]} 56. Qd4+ {[%clk 0:00:12]} Kg6 {[%clk 0:00:09]} 57. Qe4+
{[%clk 0:00:13]} Kf6 {[%clk 0:00:08]} 58. Qe6+ {[%clk 0:00:14]} 1-0

[Event "Blitz Open"]
[Site "?"]
[Date "2018.08.03"]
[Round "3.5"]
[White "Abdisalimov, Abdimalik"]
[Black "Lu, Shanglei"]
[Result "0-1"]
[BlackElo "2635"]
[WhiteElo "2184"]
[LiveChessVersion "1.4.8"]

1. d4 {[%clk 0:03:01]} d6 {[%clk 0:02:59]} 2. Nf3 {[%clk 0:03:01]} g6
{[%clk 0:03:00]} 3. g3 {[%clk 0:03:02]} Bg7 4. Bg2 f5 {[%clk 0:03:02]} 5. O-O
{[%clk 0:03:00]} Nf6 {[%clk 0:03:04]} 6. c3 {[%clk 0:03:01]} c6 {[%clk 0:03:04]}
7. Qb3 {[%clk 0:03:01]} Qb6 {[%clk 0:03:05]} 8. Nbd2 {[%clk 0:03:00]} Na6
{[%clk 0:03:03]} 9. Nc4 {[%clk 0:03:01]} Qc7 {[%clk 0:02:53]} 10. Na3
{[%clk 0:03:02]} e6 {[%clk 0:02:47]} 11. Nc4 {[%clk 0:02:54]} O-O
{[%clk 0:02:39]} 12. Bf4 {[%clk 0:02:53]} Rd8 {[%clk 0:02:31]} 13. Nfd2
{[%clk 0:02:48]} Qe7 {[%clk 0:02:26]} 14. Bg5 {[%clk 0:02:07]} h6
{[%clk 0:01:51]} 15. Bxf6 {[%clk 0:02:08]} Qxf6 {[%clk 0:01:50]} 16. e4
{[%clk 0:02:03]} Qf7 {[%clk 0:01:17]} 17. f4 {[%clk 0:01:33]} e5 {[%clk 0:01:07]}
18. exf5 {[%clk 0:01:15]} gxf5 {[%clk 0:01:06]} 19. fxe5 {[%clk 0:00:34]} dxe5
{[%clk 0:01:07]} 20. Ne3 {[%clk 0:00:06]} Be6 {[%clk 0:00:56]} 21. Qc2
{[%clk 0:00:03]} exd4 {[%clk 0:00:57]} 22. Nxf5 d3 {[%clk 0:00:57]} 23. Nxh6+
{[%clk 0:00:04]} Bxh6 {[%clk 0:00:57]} 24. Rxf7 {[%clk 0:00:05]} dxc2
{[%clk 0:00:58]} 25. Rf6 {[%clk 0:00:07]} Rxd2 {[%clk 0:00:55]} 0-1